000 00567nam a22001817a 4500
005 20180829152115.0
010 _aENG-123790
020 _a9789380317458
_c1450.00
035 _aEN-107322
037 _bDBAD/PUB
082 _a327.54051
100 _aBahera, S.P.
245 _aA great asian rivalries china and india /
_cby S.P. Bahera
260 _aNew Delhi
_bGaurav Book Centre
_c2017
270 _a4832/24, Prahlad Lane, S-207, Ansari Road, Daryaganj,
_bNew Delhi
_e110002
300 _a303p.
_c22cm.(Hb)
942 _2ddc
_cEN
_h327.54051
_mBAH
999 _c156599
_d156599